Towards decent employment through accelerated structural reform in Azerbaijan

Uložené v:
Podrobná bibliografia
Hlavný autor: Lubyová, Martina
Ďalší autori: Jamilov, Rustam, Farajov, Rashad, Slay, Ben
Médium: Kniha
Jazyk:English
Vydavateľské údaje: Baku United Nations Development Programme 2013
Vydanie:1. vyd.
Predmet:
Tagy: Pridať tag
Žiadne tagy, Buďte prvý, kto otaguje tento záznam!

MARC

LEADER 00000nam a2200000 4500
001 0178933
005 20240502083421.6
020 |a 978-9952-8226-6-3 
041 0 |a eng 
044 |a AZ 
245 1 0 |a Towards decent employment through accelerated structural reform in Azerbaijan  |c Martina Lubyová, Rustam Jamilov, Rashad Farajov ; reviewed by Ben Slay 
250 |a 1. vyd. 
264 1 |a Baku  |b United Nations Development Programme  |c 2013 
300 |a 100 s. [4,33 AH] 
610 2 0 |a zamestnanosť 
610 2 0 |a trh práce 
610 2 0 |a reformy štruktúrne 
610 2 0 |a politika zamestnanosti 
610 2 0 |a chudoba 
100 1 |a Lubyová, Martina 
700 1 |a Jamilov, Rustam 
700 1 |a Farajov, Rashad 
700 1 |a Slay, Ben